Най-близките до България страни - Едноминутен спринт - Statistics

General Stats
  • This quiz has been taken 251 times
  • The average score is 11 of 20
Answer Stats
км страна % Correct
0 Гърция
98%
0 Турция
97%
0 Сърбия
96%
0 Румъния
95%
0 Северна Македония
80%
0 Косово
66%
148 Албания
64%
148 Украйна
59%
175 Черна гора
55%
258 Унгария
53%
164 Молдова
50%
535 Словения
45%
315 Хърватия
44%
358 Русия
43%
497 Словакия
37%
400 Италия
32%
221 Босна и Херцеговина
28%
640 Чехия
27%
570 Австрия
25%
533 Полша
21%
No matching quizzes found
Score Distribution
Percent of People with Each Score
Percentile by Number Answered
Your Score History
You have not taken this quiz